00352nam a2200133 450000500170000010000260001724500450004326400260008830000170011433600220013133700240015333800240017799900170020120260530113853.01 aEmily Campbell93147210aMy World: The new Subjectivity in Design 1bBritish Councilc2004 a40 páginas atexto2rdacontent asin medio2rdamedia avolumen2rdacarrier c11540d11540